| 000 | 00388nam a2200157Ia 4500 | ||
|---|---|---|---|
| 005 | 20250423100127.0 | ||
| 008 | 250422s9999 xx 000 0 und d | ||
| 020 | _a0-395-72779-0 , 0-618-30254-9 | ||
| 050 | _aQA 11.2 .M2765/ | ||
| 245 | 0 | _aMathematical excursions | |
| 260 | _aBoston | ||
| 260 | _bHoughton Mifflin Company | ||
| 260 | _c2004 | ||
| 650 | _aMathematics | ||
| 942 | _cBK | ||
| 999 |
_c32365 _d32365 |
||